Galileo : (Record no. 158150)

MARC details
000 -CABECERA
campo de control de longitud fija 00663nam a2200205 a 4500
005 - FECHA Y HORA DE LA ÚLTIMA TRANSACCIÓN
campo de control 20210223131808.0
008 - ELEMENTOS DE LONGITUD FIJA--INFORMACIÓN GENERAL
campo de control de longitud fija 120809s2006 mx r 000 0 spa d
020 ## - NÚMERO INTERNACIONAL NORMALIZADO PARA LIBROS
Número Internacional Estándar del Libro 9707707402
035 ## - NÚMERO DE CONTROL DEL SISTEMA
Número de control de sistema UPN01000186047
049 ## - COLECCIÓN
Colección CG
050 #4 - SIGNATURA TOPOGRÁFICA DE LA BIBLIOTECA DEL CONGRESO
Número de clasificación QB36 G2
Número de documento/Ítem S7.3
100 1# - ASIENTO PRINCIPAL--NOMBRE PERSONAL
Nombre de persona Steele, Philip,
Fechas asociadas al nombre 1948-
9 (RLIN) 30682
245 10 - MENCIÓN DE TÍTULO
Título Galileo :
Resto del título el genio que se enfrentó a la inquisición /
Mención de responsabilidad, etc. Philip Steele ; tr. Patricia Helena Hernández.
260 ## - PUBLICACIÓN, DISTRIBUCIÓN, ETC.
Lugar de publicación, distribución, etc. México :
Nombre del editor, distribuidor, etc. Altea,
Fecha de publicación, distribución, etc. c2006.
300 ## - DESCRIPCIÓN FÍSICA
Extensión 64 p. :
Otras características físicas il. col.
440 #0 - MENCIÓN DE SERIE/ASIENTO SECUNDARIO--TÍTULO
Título Altea biografías
534 ## - NOTA SOBRE LA VERSIÓN ORIGINAL
Frase introductoria Título original:
Mención de título del original Galileo: The genius who faced the inquisition
600 04 - ASIENTO SECUNDARIO DE MATERIA - NOMBRE PERSONAL
Nombre de persona GALILEO,
Fechas asociadas al nombre 1564-1642
905 ## - TIPO DE MATERIAL
Tipo de material Libro
Holdings
Estado de retiro Estado de pérdida Fuente del sistema de clasificación o colocación Estado dañado No para préstamo Código de colección Localización permanente Ubicación/localización actual Ubicación en estantería Total de préstamos Clasificación Código de barras Fecha visto por última vez Fecha del último préstamo Número de copia Tipo de ítem Koha Fecha de adquisición
    Library of Congress Classification     Colección General Bib. Gregorio Torres Quintero Bib. Gregorio Torres Quintero Planta baja 2 QB36 G2 S7.3 320802 20/06/2025 12/06/2025 1 Libro  
    Library of Congress Classification     Colección General Bib. Gregorio Torres Quintero Bib. Gregorio Torres Quintero Planta baja 2 QB36 G2 S7.3 284416 07/03/2024 22/02/2024 1 Libro 22/02/2024
    Library of Congress Classification     Colección General Bib. Gregorio Torres Quintero Bib. Gregorio Torres Quintero Planta baja 1 QB36 G2 S7.3 288738 31/12/2020   1 Libro